Predicting changes in the output of OECD countries: an international network perspective

Guardado en:
Detalles Bibliográficos
Autor principal: Lyócsa, Štefan, 1982-
Formato: Libro
Lenguaje:inglés
Publicado: Munich 2015
Colección:MPRA Paper No. 65774
Materias:
Etiquetas: Agregar Etiqueta
Sin Etiquetas, Sea el primero en etiquetar este registro!

MARC

LEADER 00000nam$a2200000$$$4500
001 0211988
005 20240715073511.8
041 0 |a eng 
044 |a DE 
245 1 0 |a Predicting changes in the output of OECD countries: an international network perspective  |c Štefan Lyócsa 
264 1 |a Munich  |c 2015 
300 |a [11 s., 11 NS] 
490 1 |a MPRA Paper  |v No. 65774 
830 0 |a MPRA Paper  |v No. 65774 
610 2 0 |a centralizácia 
610 2 0 |a siete dátové 
610 2 0 |a rast hospodársky 
100 1 |a Lyócsa, Štefan, 1982-